00826 2200289 4500001002100000005001700021008004100038020001800079035002400097082001000121090001700131100002000148245011200168250001100280260004700291300002400338500004000362650001100402700002800413700002300441850001500464980001100479985000600490986001000496999001500506999001500521YOGYA-0209000001293820090227022255.0 ind  a979-3029-21-8 0010-020900000012938 a297.3 a297.3bQar B aQARDHAWI, Yusuf aBuah Dan Manfaat TaubatcYusuf Qardhawi ; penerjemah, Muhammad, Muchson Anasy ; editor, HJ.R. Ajeng Suharno aCet. 1 aJakartabAzan-Yayasan Adjeng Suharnoc2002 axiv, 143 hlmc18 cm aJudul Asli : Mu'assasah Al Risallah aTaubat aAnasy, Muhammad Mukhson aSuharno, H.J Ajeng aYOPDYOG(B) a180605 a2 aambar a03P0000890 a03P0000891